Obras premiadas : (Registro nro. 14028)

Detalles MARC
000 -LEADER
fixed length control field 01238nam a2200313 a 4500
001 - CONTROL NUMBER
control field
003 - CONTROL NUMBER IDENTIFIER
control field DO-SdBNP
005 - DATE AND TIME OF LATEST TRANSACTION
control field 20230210112944.0
008 - FIXED-LENGTH DATA ELEMENTS--GENERAL INFORMATION
fixed length control field 090917s1998 dr a r 000 0 spa d
020 ## - INTERNATIONAL STANDARD BOOK NUMBER
International Standard Book Number 84899953112
040 ## - CATALOGING SOURCE
Original cataloging agency DO-SdBNP
Language of cataloging spa
Transcribing agency BPMSU
082 ## - DEWEY DECIMAL CLASSIFICATION NUMBER
Classification number RD860
Item number C744o, 1998
Edition number 22
111 2# - MAIN ENTRY--MEETING NAME
Meeting name or jurisdiction name as entry element Concurso de Arte y Literatura Bancentral
Number of part/section/meeting (3. :
Date of meeting 1997 :
Location of meeting Santo Domingo, República Dominicana)
245 10 - TITLE STATEMENT
Title Obras premiadas :
Remainder of title Tercer Concurso de Arte y Literatura Bancentral 1998 /
Statement of responsibility, etc. edición José Alcántara Almánzar, Lourdes Lara.
246 14 - VARYING FORM OF TITLE
Title proper/short title Concurso de Arte y Literatura Bancentral 1998
260 ## - PUBLICATION, DISTRIBUTION, ETC. (IMPRINT)
Place of publication, distribution, etc. Santo Domingo :
Name of publisher, distributor, etc. Banco Central de la República Dominicana,
Date of publication, distribution, etc. 1998
300 ## - PHYSICAL DESCRIPTION
Extent 92 p. :
Other physical details il. ;
Dimensions 23 cm.
586 ## - AWARDS NOTE
Awards note Premios del Concurso de Arte y literatura Bancentral 1997
590 ## - LOCAL NOTE (RLIN)
Local note Inventariado, 2022/VM
650 #4 - SUBJECT ADDED ENTRY--TOPICAL TERM
Topical term or geographic name as entry element Literatura dominicana
Chronological subdivision Siglo XX
650 #4 - SUBJECT ADDED ENTRY--TOPICAL TERM
Topical term or geographic name as entry element Arte y literatura
Chronological subdivision Siglo XX
650 #4 - SUBJECT ADDED ENTRY--TOPICAL TERM
Topical term or geographic name as entry element Artes plásticas
Chronological subdivision Siglo XX
650 #4 - SUBJECT ADDED ENTRY--TOPICAL TERM
Topical term or geographic name as entry element Premios literarios
Chronological subdivision Siglo XX
700 1# - ADDED ENTRY--PERSONAL NAME
Personal name Alcántara Almánzar, José,
Dates associated with a name 1946-,
Relator term ed.
700 1# - ADDED ENTRY--PERSONAL NAME
Personal name Mella de Suuárez, Ingrid
Relator term ed.
710 2# - ADDED ENTRY--CORPORATE NAME
Corporate name or jurisdiction name as entry element Banco Central de la República Dominicana
910 ## - USER-OPTION DATA (OCLC)
User-option data VMateo V./Control de calidad
942 ## - ADDED ENTRY ELEMENTS (KOHA)
Source of classification or shelving scheme Dewey Decimal Classification
Koha item type Libros
Existencias
Withdrawn status Lost status Source of classification or shelving scheme Damaged status Not for loan Collection code Home library Current library Date acquired Total Checkouts Full call number Barcode Date last seen Price effective from Koha item type
    Dewey Decimal Classification     Colección Dominicana Biblioteca Pública Metropolitana Salomé Ureña Biblioteca Pública Metropolitana Salomé Ureña 02/09/2022   BPMSU CD RD860 C744o, 1998 BPMSU22020042 02/09/2022 02/09/2022 Libros